Data and Computer Communications (Record no. 3493)

MARC details
000 -LEADER
fixed length control field 00432nam a22001697a 4500
005 - DATE AND TIME OF LATEST TRANSACTION
control field 20180202095613.0
008 - FIXED-LENGTH DATA ELEMENTS--GENERAL INFORMATION
fixed length control field 160622b xxu||||| |||| 00| 0 eng d
020 ## - INTERNATIONAL STANDARD BOOK NUMBER
ISBN 978-93-325-1886-5
041 ## - LANGUAGE CODE
Language code of text/sound track or separate title eng
082 ## - DEWEY DECIMAL CLASSIFICATION NUMBER
Item number 9135
Classification number 004.6
100 ## - MAIN ENTRY--AUTHOR NAME
Personal name Stallings, William
245 ## - TITLE STATEMENT
Title Data and Computer Communications
260 ## - PUBLICATION, DISTRIBUTION, ETC. (IMPRINT)
Place of publication Delhi
Name of publisher Pearson Education
300 ## - PHYSICAL DESCRIPTION
Number of Pages 830
650 ## - SUBJECT ADDED ENTRY--TOPICAL TERM
Topical Term information Technology
942 ## - ADDED ENTRY ELEMENTS (KOHA)
Koha item type Books
Holdings
Lost status Damaged status Collection code Home library Current library Shelving location Date acquired Cost, normal purchase price Full call number Accession Number Koha item type Source of acquisition
    Reference JRU Library   SHELF-30-B 22/06/2016 735.00 9135 9135 Books  
    CS/IT JRU Library JRU Library SHELF-49-H 22/06/2016 735.00 004.6 9136 Books PURCHASE
    CS/IT JRU Library JRU Library SHELF-49-H 22/06/2016 735.00 004.6 9137 Books PURCHASE
    CS/IT JRU Library JRU Library SHELF-49-H 22/06/2016 735.00 004.6 9138 Books PURCHASE
    CS/IT JRU Library JRU Library SHELF-2-G 22/06/2016 735.00 9135 9139 Books